01728nam a2200457 i 450000100060000000300090000600500170001500800410003202000150007304000260008804500170011404600090013108000130014024501250015326000760027830000380035433600270039233700540041933800280047338000160050138000230051738800140054038800140055449000830056850400410065164800140069264800140070665000130072065000110073365100110074465500300075565800130078565800280079865800380082670000430086471000310090771000610093883000810099985600980108085600920117837280KOSZ 00520240405063121.0200610s1999 pl a g 000 0 pol d a8388283065 aKOSZ 005cKOSZ 005/RW bd1935bd1939 k1999 a623(438)00aTechnika wojskowa w Polsce 1935-1939 :bdokumenty /cwybór i opracowanie Bogusław Polak ; Politechnika Koszalińska. aKoszalin :bWydawnictwo Uczelniane Politechniki Koszalińskiej,c1999. a212 stron :bfotografie ;c24 cm. aTekstbtxt2rdacontent aBez urządzenia pośredniczącegobn2rdamedia aWoluminbnc2rdacarrier aKsiążki aPublikacje naukowe a1901-2000 a1989-20001 aWkład Polaków w Naukę i Technikę Światową. Seria Źródłowa ;v1 aWykaz źródeł na stronach [3-4]. 7a1901-2000 7a1918-1939 7aTechnika 7aWojsko 7aPolska 7aWydawnictwo źródłowe aHistoria aInżynieria i technika aBezpieczeństwo i wojskowość1 aPolak, Bogusławd(1945-)eOpracowanie2 aPolitechnika Koszalińska2 aWydawnictwo Uczelniane (Politechnika Koszalińska)4pbl aWkład Polaków w Naukę i Technikę Światową. Seria Źródłowav1 uhttp://koha.tu.koszalin.pl/cgi-bin/koha/opac-detail.pl?biblionumber=37280yKatalog online BPK uhttp://dlibra.tu.koszalin.pl/dlibra/docmetadata?id=1261&from=latestyBiblioteka Cyfrowa